L'educació cívica a l'escola, de 5 a 14 anys: recursos per als mestres
Gardado en:
| Main Authors: | , , , , |
|---|---|
| Formato: | Libro |
| Idioma: | catalán |
| Publicado: |
Barcelona
AAPSA
1981
|
| Series: | Col-lecció Rosa Sensat, 13
|
| Subjects: | |
| Tags: |
Engadir etiqueta
Sen Etiquetas, Sexa o primeiro en etiquetar este rexistro!
|
MARC
| LEADER | 00000nam a2200000 a 4500 | ||
|---|---|---|---|
| 001 | UCL3545 | ||
| 003 | CL-VaPUC | ||
| 008 | 031128e19810000SP |||||||||||||||||cat|d | ||
| 020 | |a 8429717307 | ||
| 082 | 0 | 4 | |a 372.832 |b PAG |2 21 |
| 100 | |a Pagès Blanch, Joan |e autor |9 465952 | ||
| 700 | 0 | |a Pujol, Rosa M |e author |9 480859 | |
| 700 | 0 | |a Roig, Anna M |e author |9 480860 | |
| 700 | 0 | |a Sala, Carme |e author |9 480861 | |
| 700 | 0 | |a Tacher, Pilar |e author |9 480862 | |
| 245 | 1 | 2 | |a L'educació cívica a l'escola, de 5 a 14 anys: recursos per als mestres |
| 300 | |a 283 p | ||
| 942 | |c BK | ||
| 945 | |d 20031128 00:00:00 |a cmena | ||
| 260 | |a Barcelona |b AAPSA |c 1981 | ||
| 650 | 0 | |a Educación cívica |9 314665 | |
| 650 | 0 | |a Educación básica |9 224933 | |
| 650 | 0 | |a Métodos de enseñanza |9 270413 | |
| 583 | |a last modification |c 20031128 00:00:00 |k Rodrigo Vera | ||
| 490 | 0 | |a Col-lecció Rosa Sensat, 13 | |
| 999 | |c 306568 |d 306566 | ||
| 952 | |0 0 |1 0 |4 0 |6 372_832000000000000_PAG_1981 |7 0 |8 A |9 371674 |a BIBHIS |b BIBHIS |d 2019-11-21 |i 3968693 |o 372.832 PAG 1981 |p 3968693 |r 2025-01-20 |w 2019-11-21 |y BK |k HIS | ||